ARRUPE JESUIT UNIVERSITY

CORONAVIRUS -STOP THE SPREAD - CLEAN,DISINFECT,COVER

Treks across the veld. (Record no. 121397)

MARC details
000 -LEADER
fixed length control field 00822cam a22002531 4500
001 - CONTROL NUMBER
control field 7914336
003 - CONTROL NUMBER IDENTIFIER
control field ARRUPE
005 - DATE AND TIME OF LATEST TRANSACTION
control field 20141203125904.0
008 - FIXED-LENGTH DATA ELEMENTS--GENERAL INFORMATION
fixed length control field 800904q19501959enka 000 0 eng
010 ## - LIBRARY OF CONGRESS CONTROL NUMBER
LC control number 53024251
015 ## - NATIONAL BIBLIOGRAPHY NUMBER
National bibliography number GB52-2856
035 ## - SYSTEM CONTROL NUMBER
System control number (OCoLC)6682460
040 ## - CATALOGING SOURCE
Original cataloging agency DLC
Transcribing agency AzTeS
Modifying agency Uk
-- DLC
050 00 - LIBRARY OF CONGRESS CALL NUMBER
Classification number SPC QL62
Item number .W3 1950
300 ## - PHYSICAL DESCRIPTION
Other physical details illus.
Dimensions 22 cm.
100 1# - MAIN ENTRY--PERSONAL NAME
Personal name Waldeck, Theodore J.
9 (RLIN) 13078
245 10 - TITLE STATEMENT
Title Treks across the veld.
Statement of responsibility, etc / Theodore J. Waldeck; Illustrated by Ivan T. Sanderson.
260 ## - PUBLICATION, DISTRIBUTION, ETC. (IMPRINT)
Place of publication, distribution, etc London,
Name of publisher, distributor, etc Museum Press
Date of publication, distribution, etc 1950
300 ## - PHYSICAL DESCRIPTION
Extent 160 p.
650 #0 - SUBJECT ADDED ENTRY--TOPICAL TERM
Topical term or geographic name as entry element Zoological specimens
General subdivision Collection and preservation.
9 (RLIN) 10783
650 #0 - SUBJECT ADDED ENTRY--TOPICAL TERM
Topical term or geographic name as entry element Hunting
Geographic subdivision South Africa.
9 (RLIN) 13079
651 #0 - SUBJECT ADDED ENTRY--GEOGRAPHIC NAME
Geographic name South Africa
General subdivision Description and travel.
9 (RLIN) 13080
906 ## - LOCAL DATA ELEMENT F, LDF (RLIN)
a 7
b cbc
c oclcrpl
d u
e ncip
f 19
g y-gencatlg
942 ## - ADDED ENTRY ELEMENTS (KOHA)
Source of classification or shelving scheme Library of Congress Classification
Koha item type SPC
Holdings
Withdrawn status Lost status Source of classification or shelving scheme Damaged status Not for loan Home library Current library Date acquired Total Checkouts Full call number Barcode Date last seen Price effective from Koha item type
    Library of Congress Classification     ARRUPE LIBRARY ARRUPE LIBRARY 03/12/2014   SPC QL62 .W3 1950 46500003591 03/12/2014 03/12/2014 SPC

 

Arrupe Library. PO Box MP320 Mt Pleasant, Harare, Zimbabwe
263 242 745411|librarian@aju.ac.zw